Statistics for Capitals of the German States(Bundesländer)

Click here to take the quiz!

General Stats

  • This quiz has been taken 177 times
  • The average score is 13 of 16

Answer Stats

StateCapital% Correct
BerlinBerlin
100%
BayernMünchen/Munich
100%
HamburgHamburg
99%
BremenBremen
98%
Baden-WürttembergStuttgart
94%
Nordrhein-WestfalenDüsseldorf
88%
Schleswig-HolsteinKiel
87%
SaarlandSaarbrücken
87%
NiedersachsenHannover/Hanover
85%
SachsenDresden
84%
BrandenburgPotsdam
83%
Rheinland-PfalzMainz
70%
HessenWiesbaden
70%
Mecklenburg-VorpommernSchwerin
69%
ThüringenErfurt
68%
Sachsen-AnhaltMagdeburg
61%

Score Distribution

Percentile by Number Answered

Percent of People with Each Score

Your Score History

You have not taken this quiz